Online
Catalog

Vanidad aparte : (Record no. 21948)

MARC details
000 -CABECERA
campo de control de longitud fija 00709nam a2200193 a 4500
001 - NÚMERO DE CONTROL
campo de control 000022450
005 - FECHA Y HORA DE LA ÚLTIMA TRANSACCIÓN
campo de control 20200930021626.0
008 - DATOS DE LONGITUD FIJA--INFORMACIÓN GENERAL
campo de control de longitud fija 101011s2001 dr 001 0 spa d
020 ## - NÚMERO INTERNACIONAL ESTÁNDAR DEL LIBRO
Número Internacional Estándar del Libro 19292850108
040 ## - FUENTE DE LA CATALOGACIÓN
Centro catalogador/agencia de origen DO-SdBNP
Lengua de catalogación spa
Centro/agencia transcriptor BNPHU
049 ## - FONDOS LOCALES (OCLC)
Fondos de biblioteca BNPD
245 00 - MENCIÓN DE TÍTULO
Título Vanidad aparte :
Resto del título entrevistas con escritores /
Mención de responsabilidad, etc. prólogo de Julio Ortega ; editores José Carvajal, René Rodríguez Soriano, Maritza Henríquez.
260 ## - PUBLICACIÓN, DISTRIBUCIÓN, ETC.
Lugar de publicación, distribución, etc. Miami :
Nombre del editor, distribuidor, etc. Agencia Internacional de Noticias Literarias,
Fecha de publicación, distribución, etc. 2001.
300 ## - DESCRIPCIÓN FÍSICA
Extensión 183 p. ;
Dimensiones 23 cm.
700 1# - PUNTO DE ACCESO ADICIONAL--NOMBRE DE PERSONA
Nombre de persona Ortega, Julio
Término indicativo de función/relación pról.
9 (RLIN) 15068
700 1# - PUNTO DE ACCESO ADICIONAL--NOMBRE DE PERSONA
Nombre de persona Carvajal, José
Término indicativo de función/relación ed.
9 (RLIN) 12340
700 1# - PUNTO DE ACCESO ADICIONAL--NOMBRE DE PERSONA
Nombre de persona Rodríquez Soriano, René
Término indicativo de función/relación ed.
9 (RLIN) 46274
700 1# - PUNTO DE ACCESO ADICIONAL--NOMBRE DE PERSONA
Nombre de persona Henríquez, Maritza
Término indicativo de función/relación ed.
9 (RLIN) 46275
Holdings
Estado de retiro Estado de pérdida No para préstamo Código de colección Localización permanente Ubicación/localización actual Ubicación en estantería Fecha de adquisición Número de inventario Total de préstamos Signatura topográfica completa Código de barras Fecha visto por última vez Precio válido a partir de Tipo de ítem Koha Número de copia Restricciones de uso
    Excluido de préstamo Patrimonio Dominicano General General Depósito 11.10.2010 LF1   22450-10 25.06.2020 25.06.2020 Libro y Folleto Colección Patrimonio Dominicano    
    Excluido de préstamo Patrimonio Dominicano General General Depósito 18.09.2013 LF1   22450-20 25.06.2020 25.06.2020 Libro y Folleto Colección Patrimonio Dominicano e. 2  
    Excluido de préstamo Dominicana de Servicio General General Depósito 18.10.2013 LF1   22450-30 25.06.2020 25.06.2020 Libro y Folleto Colección Dominicana de Servicio e. 3  
      Dominicana de Servicio General General Depósito 18.10.2013 LF1   22450-40 25.06.2020 25.06.2020 Libro y Folleto Colección Dominicana de Servicio e. 4  

Powered by Koha